000 00381pab a2200145 454500
008 180718b2002 xxu||||| |||| 00| 0 eng d
100 _aArora, Dolly
245 _aPublic policy analaysis: addressing the contextual challenges
260 _c2002
300 _ap.45-68.
362 _aJan-Jun
650 _aPublic policy
773 _aIndian Social Science Review
909 _a61688
999 _c61688
_d61688